Los monumentos hablan en Barranquilla : proyecto de arte en espacio publico /

Bibliographic Details
Main Author: Tobón Bermúdez, Aníbal
Other Authors: Vásquez, Zandra
Format: Electronic eBook
Language:Spanish
Published: Barranquilla, Colombia : Editorial Universidad del Norte : Alcaldia de Barranquillaa, Secretaría de Cultura Patrimonio y Turismo, 2013.
Edition:1. ed.
Subjects:
Online Access:Digitalia Hispánica

MARC

LEADER 00000nam a2200000Ii 4500
001 DIGUNINOR0092
003 NyNyDIG
006 m o d
007 cr |||||||||||
008 140301s2013 ck ob 000 0 spa d
020 |a 9789587413069  |q (eBook) 
020 |z 9789587413052 
035 |a (OCoLC)888247762 
040 |a DGITA  |b eng  |e pn  |c DGITA 
043 |a s-ck--- 
050 1 4 |a NB375 eBook 
100 1 |a Tobón Bermúdez, Aníbal. 
245 1 4 |a Los monumentos hablan en Barranquilla :  |b proyecto de arte en espacio publico /  |c Aníbal Tobón Bermúdez ; editada por Zandra Vásquez. 
250 |a 1. ed. 
264 1 |a Barranquilla, Colombia :  |b Editorial Universidad del Norte :  |b Alcaldia de Barranquillaa, Secretaría de Cultura Patrimonio y Turismo,  |c 2013.  
300 |a 1 online resource (xii, 144 pages) 
336 |a text  |b txt  |2 rdacontent 
337 |a computer  |b c  |2 rdamedia 
338 |a online resource  |b cr  |2 rdacarrier 
650 0 |a Sculpture  |z Colombia  |z Barranquilla 
650 0 |a Art  |z Colombia  |z Barranquilla 
655 0 |a Electronic books. 
700 1 |a Vásquez, Zandra. 
791 2 |a Digitalia (Firm),  |e distributor. 
793 0 |g Digitalia eBook Collection:  |a Ediciones Uninorte. 
856 4 0 |3 Digitalia Hispánica  |u https://www.digitaliapublishing.com/a/21247/ 
910 |a Premium Collection: 2007-2012